Statistics for Countries in the World Quiz #2

Click here to take the quiz!

General Stats

  • This quiz has been taken 40 times
  • The average score is 14 of 20

Answer Stats

HintAnswer% Correct
Main country with Hebrew LanguageIsrael
100%
Using Rouble as the currencyRussia
100%
Lying east of AlaskaCanada
94%
Sphinx TempleEgypt
94%
Enclaved country within South AfricaLesotho
92%
Its canal connects the Atlantic Ocean with the Pacific OceanPanama
92%
South American country uses Dutch as official languageSuriname
92%
It has the largest island in the Mediterranean SeaItaly
86%
The founder of the International Committee of the Red Cross was born hereSwitzerland
75%
Smallest country in Borneo IslandBrunei
69%
It has the most languagesPapua New Guinea
67%
Its capital city is FreetownSierra Leone
58%
Bordered by the Caspian Sea in eastAzerbaijan
56%
Known as the Spice Island of the CaribbeanGrenada
56%
It has enclaved territories in the U.A.E.Oman
56%
Landlocked country in ASEANLaos
53%
Its nickname is Land of the Thousand LakesFinland
44%
Famous for The Gates To HellTurkmenistan
33%
There is an AK-47 rifle on its flagMozambique
25%
World's Largest Shark SanctuaryMarshall Islands
8%

Score Distribution

Percentile by Number Answered

Percent of People with Each Score

Your Score History

You have not taken this quiz